000
00348nam a2200169#a 4500
001
01516
003
HDC
007
ta
008
230623s2023 xx 000 0 eng d
040
_a
HDC
050
_a
jrn PEM DS596
_b
.P46
245
0
_a
Penang economic monthly.
942
_2
lcc
942
_c
BK
942
_k
jrn PEM DS596
942
_m
.P46
999
_c
23082
_d
23082